000 00398nam a22001697a 4500
003 MPLRDC
005 20220104123547.0
008 210129b ||||| |||| 00| 0 eng d
082 _a411.3 ZWC
100 _a郑文灿
245 _a健康食谱
_c
250 _a初版
260 _a
_b大光出版社有限公司
_c1979
300 _b
650 _a营养与食品
942 _cBK
_o411.3 ZWC
999 _c12385
_d12375